[Event "ZMD Open"]
[Site "Dresden GER"]
[Date "2009.07.31"]
[Round "7"]
[White "Wahono,A"]
[Black "Sanikidze,T"]
[Result "0-1"]
[WhiteElo "2399"]
[BlackElo "2559"]

1.e4 c5 2.Nf3 d6 3.Bb5+ Nd7 4.O-O a6 5.Bxd7+ Bxd7 6.d4 cxd4 7.Qxd4 Rc8 8.Nc3 e5
9.Qd3 h6 10.a4 Nf6 11.Be3 Be7 12.a5 Bc6 13.Rfd1 Qd7 14.Ne1 O-O 15.f3 Kh8
16.b3 Nh5 17.Na4 Qe6 18.Nb6 Rcd8 19.Nd5 Bg5 20.c4 Bxd5 21.exd5 Bxe3+ 22.Qxe3 Qg6
23.Ra2 f5 24.b4 Rfe8 25.Nd3 e4 26.Nf4 Qg5 27.g3 exf3 28.Qxf3 Nxf4 29.Qxf4 Qxf4
30.gxf4 Re4 31.Rc2 Rxf4 32.c5 Rxb4 33.c6 Rc8 34.Re1 bxc6 35.dxc6 d5 36.Re5 Rc4
37.Rxc4 dxc4 38.Rc5 Rc7 39.Kf2 Kg8 40.Ke3 Kf7 41.Rxf5+ Ke6 42.Rc5 Kd6 43.Rxc4 Rxc6
44.Rb4 Kc5 45.Rb7 g5 46.Kf3 Rd6 47.h3 h5 48.Rh7 Rd3+ 49.Kg2 h4 50.Rf7 Rd5
51.Kf3 Kb4 52.Ke4 Rxa5 53.Ra7 Ra3 54.Kf5 a5 55.Kxg5 Rxh3 56.Kg4 Rh2 57.Kf3 a4
58.Ke3 a3 59.Rb7+ Kc3 60.Rc7+ Kb2  0-1

[Event "ZMD Open"]
[Site "Dresden GER"]
[Date "2009.07.31"]
[Round "7"]
[White "Schellmann,F"]
[Black "Eilers,J"]
[Result "1-0"]
[WhiteElo "2161"]
[BlackElo "1958"]

1.e4 c5 2.Nf3 d6 3.Bb5+ Bd7 4.Bxd7+ Qxd7 5.c4 Nf6 6.Nc3 g6 7.d4 cxd4 8.Nxd4 Bg7
9.f3 O-O 10.Be3 Nc6 11.O-O Rfc8 12.Nde2 Ne5 13.b3 Qd8 14.Qd2 Qa5 15.Rac1 Nfd7
16.Rfd1 Nf6 17.Nf4 Ned7 18.Kh1 Kf8 19.Qe1 Nh5 20.Nxh5 Qxh5 21.Rd5 f5 22.Ne2 Be5
23.f4 Bg7 24.Rc2  1-0

[Event "Centroamericano & Caribbean U20"]
[Site "Medellin COL"]
[Date "2009.07.31"]
[Round "2"]
[White "Escobar Medina,A"]
[Black "Becerra,J"]
[Result "0-1"]
[WhiteElo "2087"]
[BlackElo "2231"]

1.e4 c5 2.Nf3 d6 3.Bb5+ Bd7 4.Bxd7+ Qxd7 5.c4 Nc6 6.d4 cxd4 7.Nxd4 g6 8.Nc3 Bg7
9.Be3 Nf6 10.f3 O-O 11.O-O a6 12.b3 e6 13.Nde2 d5 14.cxd5 exd5 15.exd5 Nb4
16.Bc5 Nbxd5 17.Bxf8 Rxf8 18.Rc1 Qe6 19.Qd2 Qb6+ 20.Kh1 Ne3 21.Rfe1 Rd8 22.Na4 Rxd2
23.Nxb6 Bh6 24.Nc4 Nxc4 25.Rxc4 Rxa2 26.Rc7 Bd2 27.Rd1 b5 28.Nc1 Rb2 29.Nd3 Ra2
30.g3 Nd5 31.Rc8+ Kg7 32.Nc1 Rb2 33.Rd8 Bxc1 34.R8xd5 Be3 35.R5d3 Bb6 36.R1d2 Rb1+
37.Kg2 a5 38.f4 h5 39.Kf3 Bc5 40.Ra2 Bb4 41.Ke4 Re1+ 42.Kd5 Re6 43.Rc2 a4
44.bxa4 bxa4 45.Rc4 Rd6+ 46.Ke4 f5+ 47.Ke3 Rb6 48.Rd7+ Kf6 49.Kd4 a3 50.Rdc7 Rd6+
51.Ke3 Re6+ 52.Kd3 Bd6 53.Ra7 Be7 54.Rca4 Rd6+ 55.Ke2 Re6+ 56.Kf3 Bc5 57.R7a6 Bd6
58.Rc6 Be7 59.Raa6 Rxc6 60.Rxc6+ Kf7 61.Ra6 Bc5 62.Ke2 Kg7 63.Kd2 Kh6 64.Kc2 h4
65.g4 fxg4 66.f5 h3 67.Rxg6+ Kh5 68.Rg8 Bd4 69.Kb3 Be5 70.Kxa3 g3 71.hxg3 h2
72.g4+ Kh4 73.Rg6 Bf4 74.Rg8 Bh6 75.Rg6 Bf8+ 76.Ka4 h1=Q  0-1

[Event "16th ORDIX Open"]
[Site "Mainz GER"]
[Date "2009.08.01"]
[Round "5"]
[White "Meier,Geo"]
[Black "Feldtmann,T"]
[Result "1-0"]
[WhiteElo "2658"]
[BlackElo "2271"]

1.e4 c5 2.Nf3 d6 3.Bb5+ Bd7 4.Bxd7+ Qxd7 5.c4 Nc6 6.d4 cxd4 7.Nxd4 Nf6 8.Nc3 g6
9.f3 Bg7 10.Nde2 O-O 11.O-O Rfd8 12.Bg5 h6 13.Bh4 Rac8 14.Rc1 Ne5 15.b3 g5
16.Bf2 Nc6 17.Qd2 b6 18.h3 Ne5 19.Be3 Qb7 20.Ng3 e6 21.f4 gxf4 22.Bxf4 Kh7
23.Kh1 a6 24.a4 Ng6 25.Be3 Rb8 26.Rf2 Qe7 27.Rcf1 Ne5 28.Qd1 Nfg4 29.Re2 Nxe3
30.Rxe3 Qg5 31.Qe2 Rd7 32.Nh5 Bh8 33.Rg3 Qe7 34.Qe3 Ng6 35.Rgf3 Ne5 36.Nf6+ Bxf6
37.Rxf6 Ng6 38.Qf2 Kg7 39.Ne2 b5 40.Ng3 bxc4 41.Nh5+ Kg8 42.bxc4 Rb4 43.Rxg6+ fxg6
44.Nf6+ Kg7 45.Nxd7 Qxd7 46.Qf8+  1-0

[Event "Centroamericano & Caribbean U20"]
[Site "Medellin COL"]
[Date "2009.08.01"]
[Round "4"]
[White "Escobar Medina,A"]
[Black "Wiltshire,E"]
[Result "1-0"]
[WhiteElo "2087"]
[BlackElo "1933"]

1.e4 c5 2.Nf3 d6 3.Bb5+ Nd7 4.d4 cxd4 5.Qxd4 Nf6 6.Bg5 h6 7.Bxf6 gxf6 8.Nc3 e6
9.O-O-O a6 10.Bxd7+ Bxd7 11.Rhe1 b5 12.Re2 Be7 13.Nh4 Qc7 14.Nf5 Qc5 15.Nxd6+ Qxd6
16.Qxd6 Bxd6 17.Rxd6 b4 18.Nd1 Ke7 19.Red2 Bb5 20.Rb6 Rhc8 21.Rd4 Rc5 22.Rb7+ Kf8
23.Rxb4 Rac8 24.Ne3 Kg7 25.Rd4 e5 26.Rd5 Rxd5 27.exd5 Kg6 28.b3 f5 29.c4 f4
30.Ng4 f6 31.Rb6  1-0

[Event "Centroamericano & Caribbean U20"]
[Site "Medellin COL"]
[Date "2009.08.01"]
[Round "4"]
[White "Zapata Arbelaes,E"]
[Black "Duran,F"]
[Result "1/2-1/2"]
[WhiteElo "2027"]
[BlackElo "1799"]

1.e4 c5 2.Nf3 d6 3.Bb5+ Nc6 4.d4 cxd4 5.Nxd4 Bd7 6.c4 Nf6 7.Nc3 g6 8.f3 Bg7
9.Be3 O-O 10.O-O Qc7 11.Rc1 a6 12.Ba4 Nxd4 13.Bxd4 Rfc8 14.Qd2 Qd8 15.Bxd7 Qxd7
16.Bxf6 exf6 17.Nd5 Rc6 18.c5 Qe6 19.cxd6 Rxd6 20.Qb4 Rad8 21.Rc7 f5 22.Re7 Qc8
23.Rc7 Qe6 24.Re7 Qc8 25.Rxb7 Bf8 26.Ne7+ Bxe7 27.Rxe7 Qc2 28.Re1  1/2-1/2

[Event "Czech Open A"]
[Site "Pardubice CZE"]
[Date "2009.08.01"]
[Round "9"]
[White "Heidrich,Man"]
[Black "Jedlicka,A"]
[Result "1/2-1/2"]
[WhiteElo "2368"]
[BlackElo "2270"]

1.e4 c5 2.Nf3 d6 3.Bb5+ Bd7 4.Bxd7+ Qxd7 5.c4 e5 6.Nc3 Ne7 7.d3 Nbc6 8.Nd5 Nxd5
9.cxd5 Ne7 10.O-O g6 11.Bd2 Bg7 12.b4 cxb4 13.Bxb4 O-O 14.Qb3 a5 15.Bd2 b5
16.Rab1 b4 17.a3 bxa3 18.Qxa3 a4 19.Rb6 Nc8 20.Rb4 f5 21.Ra1 fxe4 22.dxe4 h6
23.Rxa4 Nb6 24.Ra7 Rxa7 25.Qxa7 Ra8 26.Qxa8+ Nxa8 27.Rxa8+ Kh7 28.Be3 Qb5
29.Ra1 Qb2 30.Re1 g5 31.h3 Qc2 32.Nd2 Bf6 33.Ra1 Kg6 34.Ra6 Be7 35.Rc6 Qd1+
36.Nf1 Kf7 37.Rc8 g4 38.hxg4 Qxg4 39.Rc4 h5 40.f3 Qg8 41.Rc7 Qb8 42.Ra7 h4
43.Nd2 Ke8 44.Kf2 Bg5 45.Rh7 Bxe3+ 46.Kxe3 Qb6+ 47.Ke2 Qg1 48.Rxh4 Qxg2+
49.Kd3 Kd7 50.Rh7+ Kc8 51.Rf7 Qg1 52.Rh7 Qf2 53.Rf7 Qg1  1/2-1/2

[Event "Continental ch-Americas"]
[Site "Sao Paulo BRA"]
[Date "2009.08.01"]
[Round "9"]
[White "Flores Rios,M"]
[Black "Iturrizaga,E"]
[Result "1/2-1/2"]
[WhiteElo "2482"]
[BlackElo "2555"]

1.e4 c5 2.Nf3 d6 3.Bb5+ Nd7 4.O-O a6 5.Bd3 Ngf6 6.Re1 Ne5 7.Nxe5 dxe5 8.a4 g6
9.Qe2 Bh6 10.Na3 b6 11.b3 O-O 12.Bb2 Qc7 13.Rad1 Bb7 14.f3 Nd7 15.Bc4 Nb8
16.Bd5 Nc6 17.Bxc6 Bxc6 18.Qc4 Rfd8 19.Qc3 Rd4 20.a5 Bb5 21.axb6 Qxb6 22.Kh1 Bf4
23.g3 Bh6 24.d3 f5 25.Nc4 Bxc4 26.bxc4 fxe4 27.fxe4 Rb8 28.Ba3 Bg5 29.Rf1 Qc6
30.Qe1 Bf6  1/2-1/2

[Event "110th US Open"]
[Site "Indianapolis USA"]
[Date "2009.08.02"]
[Round "2"]
[White "Parry,M"]
[Black "Ballom,S"]
[Result "1-0"]
[WhiteElo "2219"]
[BlackElo "1939"]

1.e4 c5 2.Nf3 d6 3.Bb5+ Bd7 4.Bxd7+ Nxd7 5.c4 e6 6.Nc3 Ngf6 7.O-O Be7 8.d4 cxd4
9.Nxd4 Rc8 10.b3 O-O 11.Bb2 a6 12.f4 Nc5 13.Qf3 Qb6 14.Kh1 Rfd8 15.Rad1 Qa7
16.g4 Ne8 17.f5 e5 18.Nd5 b5 19.f6 Nxf6 20.g5 exd4 21.gxf6 Bf8 22.Bxd4 Qb7  1-0

[Event "Open"]
[Site "Kavala GRE"]
[Date "2009.08.02"]
[Round "3"]
[White "Hess,Ro"]
[Black "Ashwin,J"]
[Result "1-0"]
[WhiteElo "2560"]
[BlackElo "2425"]

1.e4 c5 2.Nf3 d6 3.Bb5+ Nc6 4.O-O Bd7 5.c3 a6 6.Ba4 Nf6 7.Re1 Bg4 8.d4 b5
9.Bc2 Bxf3 10.gxf3 e5 11.dxc5 dxc5 12.Qxd8+ Kxd8 13.a4 Rb8 14.axb5 axb5 15.f4 Kc7
16.Rd1 Nd7 17.fxe5 g5 18.Kh1 h6 19.Nd2 Ncxe5 20.Nf1 c4 21.f4 gxf4 22.Bxf4 f6
23.Ra7+ Kc6 24.Rdxd7 Nxd7 25.Rc7+ Kb6 26.Rxd7 Ra8 27.Ne3 Ra1+ 28.Kg2 Bc5
29.Nd5+ Ka6 30.Rc7 Rg1+ 31.Kh3 Bf2 32.Rf7 h5 33.Nb4+ Kb6 34.Bc7+ Kc5 35.Rxf6  1-0

[Event "Centroamericano & Caribbean U20"]
[Site "Medellin COL"]
[Date "2009.08.02"]
[Round "6"]
[White "Zapata Arbelaes,E"]
[Black "Naranjo,Sa"]
[Result "0-1"]
[WhiteElo "2027"]
[BlackElo "1895"]

1.e4 c5 2.Nf3 d6 3.Bb5+ Bd7 4.Bxd7+ Nxd7 5.c4 Ngf6 6.Nc3 e6 7.O-O a6 8.d4 cxd4
9.Nxd4 Ne5 10.f3 Be7 11.b3 O-O 12.Be3 Rc8 13.Rc1 Ng6 14.Qd2 d5 15.cxd5 exd5
16.exd5 Bb4 17.Qb2 Qa5 18.Nde2 Ba3 19.Qd2 Bxc1 20.Rxc1 Rfd8 21.Ne4 Qxd2 22.Nxf6+ gxf6
23.Bxd2 Rxc1+ 24.Bxc1 Rxd5 25.Kf2 Ne5 26.Ke3 Rc5 27.Kd2 Nc6 28.a3 Ne5 29.Nf4 Ng6
30.Nd3 Rb5 31.b4 Nh4 32.Nf4 Rg5 33.Ke2 Nxg2 34.Kf2 Nxf4 35.Bxf4 Rd5 36.Ke2 Kf8
37.Ke3 Ke7 38.Ke4 Ke6 39.a4 Rd1 40.h4 Rb1 41.Bd2 Rh1 42.f4 Rxh4 43.Kd4 Kf5  0-1

[Event "Centroamericano & Caribbean U20"]
[Site "Medellin COL"]
[Date "2009.08.03"]
[Round "7"]
[White "Cardona,J"]
[Black "Guerrero Fandino,G"]
[Result "1/2-1/2"]
[WhiteElo "2000"]
[BlackElo "2131"]

1.e4 c5 2.Nf3 d6 3.Bb5+ Bd7 4.Bxd7+ Nxd7 5.O-O Ngf6 6.Qe2 g6 7.b3 Bg7 8.Bb2 O-O
9.c4 a6 10.Nc3 e5 11.Ne1 Nh5 12.Nd5 Ndf6 13.Nxf6+ Qxf6 14.Nd3 Qg5 15.g3 Rae8
16.f4 exf4 17.Bxg7 Nxg7 18.Nxf4 f5 19.d3 fxe4 20.dxe4 Nf5 21.Qd3 Nd4 22.Ne2 Nxe2+
23.Qxe2  1/2-1/2

[Event "Centroamericano & Caribbean U20"]
[Site "Medellin COL"]
[Date "2009.08.03"]
[Round "7"]
[White "Carvajal Montoya,J"]
[Black "Tautiva,C"]
[Result "1-0"]
[WhiteElo "1937"]
[BlackElo "2018"]

1.e4 c5 2.Nf3 d6 3.Bb5+ Bd7 4.Bxd7+ Nxd7 5.O-O Ngf6 6.Re1 e6 7.c3 Be7 8.d4 O-O
9.Bg5 h6 10.Bh4 Re8 11.Nbd2 Qc7 12.e5 Nd5 13.Bxe7 Nxe7 14.Nc4 d5 15.Nd6 Rf8
16.Nh4 Nc8 17.Nxc8 Raxc8 18.Qg4 cxd4 19.cxd4 Qc2 20.f4 f5 21.exf6 Nxf6 22.Qxe6+ Kh7
23.Re2 Qc4 24.Qf5+ Kg8 25.Re7 Qxd4+ 26.Kh1 Ne4 27.Qe6+ Kh7 28.h3 Rc6 29.Qe5 Nf2+
30.Kh2 Qxf4+ 31.Qxf4 Rxf4 32.Nf3 Rb4 33.b3 Ne4 34.Ne5 Rd6 35.Rc1 Nf6 36.Rcc7 Nh5
37.g4 Nf4 38.Rxg7+ Kh8 39.Rge7  1-0

[Event "Centroamericano & Caribbean U20"]
[Site "Medellin COL"]
[Date "2009.08.03"]
[Round "7"]
[White "Guerra Mojena,L"]
[Black "Escobar Medina,A"]
[Result "1-0"]
[WhiteElo "2267"]
[BlackElo "2087"]

1.e4 c5 2.Nf3 d6 3.Bb5+ Nd7 4.d4 cxd4 5.Qxd4 e5 6.Qd3 h6 7.Nc3 Nf6 8.Be3 Be7
9.h3 a6 10.Bxd7+ Bxd7 11.g4 Be6 12.O-O-O Qa5 13.Nd2 Rc8 14.a3 b5 15.Nd5 Bxd5
16.exd5 b4 17.axb4 Qxb4 18.Qb3 Qxb3 19.Nxb3 Bd8 20.c3 Rb8 21.Kc2 Bb6 22.Bxb6 Rxb6
23.Na5 Rb5 24.Nc4 Kd7 25.Ra1 Rc8 26.b3 Ra8 27.Rhd1 Ne4 28.Ra4 Nc5 29.Ra3 Ke7
30.f3 Nd7 31.Ne3 g6 32.Rda1 Nb8 33.c4 Rb6 34.Kc3 Ra7 35.b4 Rab7 36.Nc2 Rc7
37.Ra5 Kf6 38.h4 h5 39.Kd3 hxg4 40.fxg4 Rc8 41.c5 dxc5 42.bxc5 Rb3+ 43.Kc4 Rh3
44.Rxa6+ Nxa6 45.Rxa6+ Ke7 46.Ra7+ Ke8 47.d6 Rxc5+ 48.Kxc5 Rc3+ 49.Kd5 Rxc2
50.Re7+ Kf8 51.Rxe5 Rd2+ 52.Kc6 f6 53.Rd5 Rc2+ 54.Rc5 Rd2 55.Kc7 Rd4 56.g5 Kf7
57.d7  1-0

[Event "GMA"]
[Site "Peterhof RUS"]
[Date "2009.08.04"]
[Round "1"]
[White "Lugovskoy,M"]
[Black "Massironi,M"]
[Result "1-0"]
[WhiteElo "2102"]
[BlackElo "2178"]

1.e4 c5 2.Nf3 d6 3.Bb5+ Bd7 4.Bxd7+ Qxd7 5.O-O Nf6 6.e5 dxe5 7.Nxe5 Qc8 8.d4 cxd4
9.Qxd4 e6 10.Nc3 Be7 11.Bf4 O-O 12.Rad1 Nc6 13.Qa4 Nb4 14.Nd7 Rd8 15.Nxf6+ gxf6
16.a3 Nc6 17.Ne4 e5 18.Bh6 Qe6 19.Ng3 f5 20.Bc1 a6 21.c3 f4 22.Ne2 Qg6 23.f3 Kh8
24.Qe4 f5 25.Qc2 Rg8 26.Nxf4 exf4 27.Bxf4 Bc5+ 28.Kh1 Rad8 29.b4 Be7 30.a4 Bd6
31.Bxd6 Rxd6 32.Rxd6 Qxd6 33.Qxf5 Ne7 34.Qe4 Ng6 35.g3 Qd2 36.c4 Rd8 37.Re1 Qb2
38.Re2 Qxb4 39.f4 Qb6 40.Kg2 Qc6 41.Qxc6 bxc6 42.Re6 Rc8 43.f5 Nf8 44.Re7 c5
45.Ra7 Rc6 46.g4 Rd6 47.Rc7 Nd7 48.a5 Kg7 49.g5 Kf7 50.h4 Ke7 51.Ra7 Rd4
52.Kg3 Rxc4 53.Rxa6 Ra4 54.g6 hxg6 55.fxg6 Nf6 56.Ra7+ Kf8 57.Rf7+ Kg8 58.Rxf6 Kg7
59.Rc6 c4 60.h5 Rxa5 61.Rc7+ Kh6 62.Rh7+ Kg5 63.g7 Ra8 64.Rh8  1-0

[Event "XXXV Open"]
[Site "Badalona ESP"]
[Date "2009.08.05"]
[Round "5"]
[White "Munoz Pantoja,M"]
[Black "Llaneza Vega,P"]
[Result "1-0"]
[WhiteElo "2427"]
[BlackElo "2271"]

1.e4 c5 2.Nf3 d6 3.Bb5+ Bd7 4.Bxd7+ Qxd7 5.O-O Nf6 6.Re1 Nc6 7.c4 Ne5 8.d3 e6
9.Bf4 Nxf3+ 10.Qxf3 Be7 11.Nc3 O-O 12.e5 Ne8 13.Rad1 Qc6 14.Qe4 dxe5 15.Bxe5 Bf6
16.Bxf6 Nxf6 17.Qxc6 bxc6 18.f4 Rfd8 19.Na4 Rd4 20.g3 Nd7 21.Re4 Rd8 22.b4 Nf6
23.Rxd4 cxd4 24.Re1 Nd7 25.Re4 Nb6 26.Nc5 g6 27.Nb3 Na4 28.Rxd4 Rxd4 29.Nxd4 c5
30.Nc6 cxb4 31.Nxa7 Nc3 32.c5 Kf8 33.c6 Nd5 34.Kf2 Ke8 35.Nb5 Kd8 36.Ke2 Nc7
37.a4 bxa3 38.Nxa3 Nd5 39.Nb5 Nc7 40.Nd6 Ke7 41.Nc4 Nb5 42.Ke3 f6 43.Nb6 Kd6
44.Nd7 f5 45.Nf8 Nc7 46.Nxh7 Kxc6 47.Nf8  1-0

[Event "FSIMA August"]
[Site "Budapest HUN"]
[Date "2009.08.05"]
[Round "5"]
[White "Farago,S"]
[Black "Leviczky,T"]
[Result "0-1"]
[WhiteElo "2244"]
[BlackElo "2357"]

1.e4 c5 2.Nf3 d6 3.Bb5+ Bd7 4.Bxd7+ Qxd7 5.O-O Nc6 6.c3 Nf6 7.Re1 e6 8.d4 cxd4
9.cxd4 d5 10.e5 Ne4 11.a3 Be7 12.b4 O-O 13.Bb2 b5 14.Nc3 Nxc3 15.Bxc3 Rfc8
16.Qd3 a5 17.Qd2 axb4 18.axb4 Qb7 19.h4 Ra4 20.Rab1 Nb8 21.Rb3 Na6 22.Reb1 Nb8
23.h5 h6 24.Qf4 Qa7 25.Qg4 Ra3 26.Bd2 Kh8 27.Qg3 Rxb3 28.Rxb3 Qa2 29.Re3 Qb1+
30.Re1 Qf5 31.Ra1 Nc6 32.Rc1 Qxh5 33.Qf4 Na7 34.Ra1 Rc7 35.Qe3 Bg5 36.Nxg5 hxg5
37.Qxg5 Qxg5 38.Bxg5 Rb7 39.Ra6 Rc7 40.Ra1 Nc6 41.Rc1 Rc8 42.g4 Kg8 43.Kg2 Kf8
44.Rh1 Ke8 45.Rh7 Nxb4 46.Rxg7 Nc6 47.Rg8+ Kd7 48.Rg7 Rf8 49.Bh6 Ke8 50.Bd2 Rh8
51.f4 Kf8 52.Rg5 Rg8 53.Rh5 Rxg4+ 54.Kf3 Rg8 55.Be3 Ne7 56.Rh1 Nf5 57.Bf2 Ke7
58.Rb1 Rb8 59.Rb4 Kd7 60.Ke2 Kc6 61.Rb1 Ra8 62.Rc1+ Kb7 63.Rh1 Rc8 64.Kd3 Kb6
65.Rh7 b4 66.Be1 Rc4 67.Rxf7 Rxd4+ 68.Kc2 Rxf4 69.Rf6 Kb5 70.Kb2 Re4 71.Bd2 Rxe5
72.Rf8 Re4 73.Rb8+ Kc4 74.Bxb4 Nd4 75.Bd6 Re2+ 76.Kc1 Nb5 77.Rc8+ Kd3 78.Bb4 Re4
79.Bd2 Rc4+ 80.Rxc4 Kxc4 81.Bf4 Kd3 82.Kd1 Na3 83.Bc1 Nc4 84.Bh6 e5 85.Bg5 e4
86.Ke1 d4 87.Bd8 Ne5 88.Ba5 Nf3+ 89.Kf1  0-1

[Event "GMA"]
[Site "Peterhof RUS"]
[Date "2009.08.05"]
[Round "4"]
[White "Guzenko,A"]
[Black "Gritsenko,An"]
[Result "0-1"]
[WhiteElo "2139"]
[BlackElo "2401"]

1.e4 c5 2.Nf3 d6 3.Bb5+ Bd7 4.Bxd7+ Qxd7 5.O-O Nc6 6.c3 Nf6 7.Re1 e6 8.d4 cxd4
9.cxd4 d5 10.exd5 Nxd5 11.Nc3 Be7 12.Bg5 O-O 13.Ne4 h6 14.Bxe7 Ndxe7 15.Qa4 Rfd8
16.Rad1 Ne5 17.Qb3 Nxf3+ 18.Qxf3 Qd5 19.Qa3 Nf5 20.Nc3 Qc4 21.d5 exd5 22.Re5 d4
23.Ne4 Re8 24.Nf6+ gxf6 25.Rxf5 d3 26.Qd6 Qe4 27.g4 Rad8 28.Qg3 Qe2 29.Qf3 Re6
30.Kg2 Kg7 31.Rc5 Rd4 32.h3 Ree4 33.Rf5 Re6 34.Rc5 Qxb2 35.Rxd3 Rxd3 36.Qxd3 Qxa2
37.Rc8 Qa5 38.Qd7 f5 39.Rc7 Rf6 40.Rxb7 fxg4 41.hxg4 Qc5 42.Rb2 h5 43.Qb5 Rxf2+
44.Kg1 Rc2+ 45.Qxc5 Rxc5 46.gxh5 Rxh5 47.Rb7 Ra5 48.Kf2 Ra1 49.Kg2 a5 50.Kg3 a4
51.Kg2 a3 52.Rb3 a2  0-1

[Event "GMA"]
[Site "Peterhof RUS"]
[Date "2009.08.05"]
[Round "5"]
[White "Lugovskoy,M"]
[Black "Fedoseev,Vl3"]
[Result "0-1"]
[WhiteElo "2102"]
[BlackElo "2322"]

1.e4 c5 2.Nf3 d6 3.Bb5+ Bd7 4.Bxd7+ Nxd7 5.d4 cxd4 6.Qxd4 e6 7.O-O Qc7 8.Nc3 a6
9.a4 Ne7 10.b3 Nc6 11.Qd2 Be7 12.Bb2 O-O 13.Rad1 Nde5 14.Nxe5 dxe5 15.Ne2 Bc5
16.Kh1 Rfd8 17.Qc1 Rxd1 18.Qxd1 Rd8 19.Qc1 Qb6 20.f4 Be3 21.Qe1 Rd2 22.f5 Rxc2
23.fxe6 Rxb2 24.exf7+ Kf8 25.Qh4 h6 26.Qg4 Qd8 27.h3 Bg5 28.Ng3 Rd2 29.Nh5 Qd7
30.Rf5 Nd4 31.Rxg5 Qxg4 32.Rxg4 g5 33.h4 Ne6 34.Rg3 gxh4 35.Rg6 Ng5 36.Rxh6 h3
37.gxh3 Nf3 38.Rh8+ Kxf7 39.Rh7+ Kg6  0-1

[Event "96th ch-GBR"]
[Site "Torquay ENG"]
[Date "2009.08.05"]
[Round "9"]
[White "Jones,G"]
[Black "Williams,Si1"]
[Result "0-1"]
[WhiteElo "2554"]
[BlackElo "2527"]

1.e4 c5 2.Nf3 d6 3.Bb5+ Nc6 4.O-O Bd7 5.Re1 Nf6 6.c3 a6 7.Ba4 c4 8.Bc2 Ng4
9.b3 b5 10.bxc4 bxc4 11.Qe2 Nge5 12.Na3 Nxf3+ 13.gxf3 Ne5 14.Nxc4 Bb5 15.Nxe5 Bxe2
16.Rxe2 Qa5 17.Nc4 Qg5+ 18.Kf1 Qb5 19.d3 Rb8 20.e5 d5 21.Nb2 Qa5 22.Ba4+ Kd8
23.e6 fxe6 24.Bf4 e5 25.Bxe5 Rxb2 26.Rxb2 Qxa4 27.Rb8+ Kd7 28.Re1 Qxa2 29.Kg2 Qd2
30.Re3 Ke6 31.Bd4+ Kf7 32.Rd8 h5 33.f4 Rh6 34.f5 h4 35.h3 Rd6 36.Rb8 Qd1
37.Rb7 Qh5 38.Re5 Qg5+ 39.Kf1 Qf4 40.Ke2 g6 41.Re3 gxf5 42.Be5 Qh6 43.Bxd6 Qxd6
44.d4 Qc6  0-1

[Event "Arctic Chess Challenge"]
[Site "Tromso NOR"]
[Date "2009.08.05"]
[Round "5"]
[White "Royset,P"]
[Black "Zdebskaja,N"]
[Result "0-1"]
[WhiteElo "2239"]
[BlackElo "2412"]

1.e4 c5 2.Nf3 d6 3.Bb5+ Nd7 4.d4 cxd4 5.Nxd4 Nf6 6.Nc3 a6 7.Bxd7+ Bxd7 8.O-O e5
9.Nb3 h6 10.Qd3 Rc8 11.Re1 Qc7 12.a4 Qc4 13.Qf3 Be7 14.Qg3 g5 15.a5 g4 16.Nd2 Qd4
17.Nb3 Nh5 18.Qd3 Qxd3 19.cxd3 Be6 20.Nd5 Bxd5 21.exd5 f5 22.f3 gxf3 23.gxf3 Rc2
24.Bd2 Rxb2 25.Rab1 Rxb1 26.Rxb1 Kd7 27.d4 Nf6 28.dxe5 dxe5 29.Bc3 Rg8+ 30.Kf1 Bd6
31.Re1 Re8 32.Rd1 Rc8 33.Be1 Rc4 34.Rd3 e4 35.fxe4 fxe4 36.Rh3 Bf4 37.Nd2 Rc2
38.Nb1 Nxd5 39.Rb3 Ne3+ 40.Kg1 Rg2+ 41.Kh1 Rxh2+ 42.Kg1 Rg2+ 43.Kh1 Re2 44.Bd2 Kc8
45.Rc3+ Kb8 46.Rc5 Ng2 47.Bxf4+ Nxf4 48.Nc3 Rc2 49.Nxe4 Rxc5 50.Nxc5 Kc7
51.Kh2 Kc6 52.Ne4 Ne6  0-1

[Event "FSGM August"]
[Site "Budapest HUN"]
[Date "2009.08.06"]
[Round "6"]
[White "Tzermiadianos,An"]
[Black "Samhouri,A"]
[Result "1/2-1/2"]
[WhiteElo "2447"]
[BlackElo "2375"]

1.e4 c5 2.Nf3 d6 3.Bb5+ Bd7 4.Bxd7+ Qxd7 5.c4 Nf6 6.Nc3 g6 7.d4 cxd4 8.Nxd4 Bg7
9.f3 O-O 10.Be3 Nc6 11.O-O e6 12.Qd2 Rfd8 13.Rfd1 d5 14.exd5 exd5 15.c5 Ne8
16.Nxc6 bxc6 17.Bd4 Qe7 18.b4 Nc7 19.Ne2 Ne6 20.Bxg7 Kxg7 21.Nd4 Nxd4 22.Qxd4+ Qf6
23.Rab1 Qxd4+ 24.Rxd4 Rab8 25.Rb3 Rb5 26.Ra3 Rdb8 27.Ra4 a5 28.a3 axb4 29.axb4 R5b7
30.Kf2 Re8 31.Ra6 Re6 32.Ra2 Re8 33.Ra6 Re6 34.Kg3 Kg8 35.h4 Rc7 36.Rd2 Rb7
37.Rb6 Ra7 38.b5 Ra5 39.Rb2 cxb5 40.R6xb5 Rxb5 41.Rxb5 Kf8 42.Kf4 d4 43.Rb6 Re2
44.Rd6 Rc2 45.Rd5 Rxg2 46.Rxd4 Rc2 47.Rd5 Rc4+ 48.Kg3 h5 49.f4 Ke7 50.f5 Kf6
51.fxg6 fxg6 52.Rd6+ Kf5 53.Rd5+ Kf6  1/2-1/2

[Event "110th US Open"]
[Site "Indianapolis USA"]
[Date "2009.08.06"]
[Round "6"]
[White "Burnett,R"]
[Black "Macaspac,A"]
[Result "1-0"]
[WhiteElo "2368"]
[BlackElo "2089"]

1.e4 c5 2.Nf3 d6 3.Bb5+ Nd7 4.d4 cxd4 5.Qxd4 Nf6 6.Bg5 a6 7.Bxd7+ Qxd7 8.Nc3 e5
9.Qd3 Qc6 10.Bxf6 gxf6 11.Nd5 Be7 12.Nh4 Rg8 13.O-O-O a5 14.Nf5 Bxf5 15.exf5 Rc8
16.g3 Qc4 17.Qxc4 Rxc4 18.b3 Rc6 19.Rhe1 Rg5 20.Ne3 Bd8 21.h4 Rh5 22.g4 Rxh4
23.Rh1 Rxh1 24.Rxh1 Kf8 25.Rxh7 Kg8 26.Rh2 Kg7 27.Kd2 Bb6 28.Nd5 Bd8 29.a4 Bb6
30.f3 Bd8 31.Kd3 Rc5 32.c4 Rc6 33.Ke4 Bb6 34.g5 fxg5 35.f6+ Kg6 36.Rh8 Bc5
37.Rg8+ Kh6 38.Kf5 Kh7 39.Rxg5 Ra6 40.Rh5+  1-0

[Event "110th US Open"]
[Site "Indianapolis USA"]
[Date "2009.08.06"]
[Round "6"]
[White "Stopa,Ja"]
[Black "Fernandez,Dani"]
[Result "1/2-1/2"]
[WhiteElo "2471"]
[BlackElo "2424"]

1.e4 c5 2.Nf3 d6 3.Bb5+ Bd7 4.Bxd7+ Qxd7 5.O-O Nc6 6.c3 Nf6 7.d4 Nxe4 8.d5 Ne5
9.Re1 Nf6 10.Nxe5 dxe5 11.c4 e6 12.Nc3 O-O-O 13.Rxe5 Bd6 14.Re1 exd5 15.cxd5 Rhe8
16.Bg5 Rxe1+ 17.Qxe1 Re8  1/2-1/2

[Event "Mercosur Cup"]
[Site "Villa Martelli ARG"]
[Date "2009.08.06"]
[Round "3"]
[White "Cori,J"]
[Black "Obregon,A"]
[Result "0-1"]
[WhiteElo "2424"]
[BlackElo "2406"]

1.e4 c5 2.Nf3 d6 3.Bb5+ Bd7 4.Bxd7+ Qxd7 5.O-O Nc6 6.b3 Nf6 7.d3 g6 8.Bb2 Bg7
9.Nbd2 O-O 10.a4 d5 11.exd5 Nxd5 12.Bxg7 Kxg7 13.Nc4 f6 14.Ne3 Ndb4 15.Qd2 e5
16.Rad1 Rad8 17.Rfe1 Nd4 18.Nxd4 exd4 19.Nc4 Nd5 20.Qe2 Rfe8 21.Qf3 Re6 22.Rxe6 Qxe6
23.Kf1 Re8 24.Nd2 Nc3 25.Rc1 b6 26.h3 Qe5 27.g3 Qg5 28.Re1 Rxe1+ 29.Kxe1 Qe5+
30.Kf1 f5 31.Qb7+ Kh6 32.Qf3 Qe7 33.Nc4 Kg7 34.Kg2 Na2 35.Qd1 Nb4 36.Na3 Kf6
37.Qd2 Qb7+ 38.f3 Nd5 39.Nc4 a6 40.Qh6 Qe7 41.Kf2 b5 42.axb5 axb5 43.Qh4+ Ke6
44.Qxe7+ Kxe7 45.Na3 Nc3 46.g4 fxg4 47.fxg4 g5 48.Kg3 Kd6 49.h4 h6 50.hxg5 hxg5
51.Kf2 Kc6 52.Kf3 Kb6  0-1

[Event "110th US Open"]
[Site "Indianapolis USA"]
[Date "2009.08.07"]
[Round "7"]
[White "Parry,M"]
[Black "Ng,A"]
[Result "1/2-1/2"]
[WhiteElo "2219"]
[BlackElo "2113"]

1.e4 c5 2.Nf3 d6 3.Bb5+ Bd7 4.Bxd7+ Qxd7 5.c4 Nf6 6.Nc3 g6 7.d4 cxd4 8.Nxd4 Bg7
9.f3 O-O 10.Be3 Nc6 11.O-O Rac8 12.b3 a6 13.a4 Qd8 14.Qd2 Re8 15.Nde2 Qa5
16.Rab1 Ne5 17.h3 Qc7 18.Kh1 Ned7 19.Nf4 Nc5 20.Nfd5 Nxd5 21.Nxd5 Qc6 22.Bg5 f6
23.Bh6 Ne6 24.h4 Nd8 25.Be3 Nf7 26.f4 e6 27.Nc3 f5 28.exf5 gxf5 29.Bd4 Nh6
30.Rbe1 Bxd4 31.Qxd4 Kf7 32.Ne2 Rg8 33.Qf2 Ng4 34.Qf3 Rg6 35.Nd4 Qxf3 36.Rxf3 Re8
37.Kg1 Nf6 38.Rd3 Ne4 39.Nf3 h6 40.Nd2 Nxd2 41.Rxd2 Rg3 42.Rxd6 Rxb3 43.c5 Rb4
44.Rb6 Rxf4 45.Rxb7+ Re7 46.c6 Rxb7 47.cxb7 Rb4 48.Rc1 Rxb7 49.Rc6 Rb4 50.Rxa6 Rxh4
51.Ra8  1/2-1/2

[Event "Open"]
[Site "Kavala GRE"]
[Date "2009.08.07"]
[Round "8"]
[White "Hess,Ro"]
[Black "Nevednichy,V"]
[Result "0-1"]
[WhiteElo "2560"]
[BlackElo "2570"]

1.e4 c5 2.Nf3 d6 3.Bb5+ Nd7 4.d4 Nf6 5.Nc3 a6 6.Bxd7+ Nxd7 7.O-O cxd4 8.Qxd4 e6
9.Bg5 f6 10.Be3 Be7 11.Qd1 O-O 12.Nd4 Ne5 13.f4 Nc4 14.Bc1 d5 15.exd5 Bc5
16.Kh1 exd5 17.Nb3 Ba7 18.Qd3 Be6 19.Ne2 Re8 20.Nbd4 Bf7 21.b3 Nd6 22.f5 Qd7
23.Be3 Re7 24.Bg1 Rae8 25.a4 Re5 26.Ng3 R5e7 27.Rad1 Bxd4 28.Bxd4 Qc8 29.c3 Ne4
30.Kg1 h5 31.b4 h4 32.Nxe4 Rxe4 33.Rd2 Bh5 34.Bc5 Bf7 35.Bd4 Qd7 36.a5 Bh5
37.Qb1 Be2 38.Rf2 Bg4 39.Rf1 Bxf5 40.Rdf2 Bg6 41.Qd1 Rg4 42.Rf4 Bh5 43.Qf3 Rg5
44.Qd1 Rg4 45.Rxg4  0-1

[Event "GMA"]
[Site "Peterhof RUS"]
[Date "2009.08.07"]
[Round "7"]
[White "Guzenko,A"]
[Black "Massironi,M"]
[Result "0-1"]
[WhiteElo "2139"]
[BlackElo "2178"]

1.e4 c5 2.Nf3 d6 3.Bb5+ Bd7 4.Bxd7+ Qxd7 5.O-O Nf6 6.Re1 Nc6 7.c3 e6 8.d4 cxd4
9.cxd4 d5 10.e5 Ne4 11.Nbd2 Nxd2 12.Bxd2 h6 13.Rc1 Be7 14.a3 O-O 15.Rc3 Rac8
16.h4 Rc7 17.Rd3 f5 18.exf6 Rxf6 19.Nh2 Bd6 20.Ng4 Rf8 21.Qe2 Nd8 22.f4 Rc2
23.Nxh6+ gxh6 24.Rg3+ Kh8 25.Qd3 Qh7 26.Qe3 Qf5 27.h5 Rxd2  0-1

[Event "96th ch-GBR"]
[Site "Torquay ENG"]
[Date "2009.08.07"]
[Round "11"]
[White "Rocks,D"]
[Black "Taylor,Ge"]
[Result "1/2-1/2"]
[WhiteElo "2037"]
[BlackElo "2003"]

1.e4 c5 2.Nf3 d6 3.Bb5+ Bd7 4.Bxd7+ Qxd7 5.O-O Nc6 6.c3 g6 7.d4 cxd4 8.cxd4 Bg7
9.Nc3 e5 10.Be3 Nf6 11.dxe5 dxe5 12.Qxd7+ Nxd7 13.Rad1 Nf6 14.Bc5 Bf8 15.Bxf8 Kxf8
16.Rfe1 Kg7 17.Nd5 Rad8 18.Kf1  1/2-1/2

[Event "4th Timisoara Cup A"]
[Site "Timisoara ROM"]
[Date "2009.08.08"]
[Round "8"]
[White "Emodi,G"]
[Black "Nemes,S"]
[Result "1/2-1/2"]
[WhiteElo "2311"]
[BlackElo "2264"]

1.e4 c5 2.Nf3 d6 3.Bb5+ Bd7 4.Bxd7+ Qxd7 5.O-O Nf6 6.Qe2 Nc6 7.b3 g6 8.Bb2 Bg7
9.c3 O-O 10.d4 cxd4 11.cxd4 d5 12.e5 Ne4 13.Nbd2 Nxd2 14.Qxd2 f6 15.Rfe1 fxe5
16.Nxe5 Nxe5 17.dxe5 e6 18.Rac1 Rac8 19.g3 Rxc1 20.Rxc1 Rc8 21.Bd4 b6 22.Rc3 Bf8
23.a4 Qb7  1/2-1/2